| 000 | 00423nam a2200169Ia 4500 | ||
|---|---|---|---|
| 008 | 180424s9999 xx 000 0 und d | ||
| 084 | _a157.8 C1 | ||
| 100 | _a"Carroll, Hernbert A" | ||
| 245 | 0 | _aMental Hygiene: Dynamics of Adjustment | |
| 250 | _a\\195603ENGGPSX | ||
| 260 | _aPrentice Hall | ||
| 260 | _b1956 | ||
| 260 | _cNEW JERSEY | ||
| 300 | _ax+428p | ||
| 500 | _aincludes index and biblioraphy | ||
| 942 | _cBK | ||
| 999 |
_c9122 _d9122 |
||